Elementary circuit properties of transistors (Record no. 23315)

000 -LEADER
fixed length control field 00727nam a22002531 4500
001 - CONTROL NUMBER
control field 23315
003 - CONTROL NUMBER IDENTIFIER
control field BD-DhUET
008 - FIXED-LENGTH DATA ELEMENTS--GENERAL INFORMATION
fixed length control field 730109s1964 nyua b 000 0 eng
040 ## - CATALOGING SOURCE
Original cataloging agency DLC
Transcribing agency DLC
Modifying agency BD-DhUET
082 ## - DEWEY DECIMAL CLASSIFICATION NUMBER
Classification number 623.8151
Item number SEA/19649
100 1# - MAIN ENTRY--PERSONAL NAME
Personal name Searle, Campbell L.
245 10 - TITLE STATEMENT
Title Elementary circuit properties of transistors
250 ## - EDITION STATEMENT
Edition statement 1st ed.
260 ## - PUBLICATION, DISTRIBUTION, ETC. (IMPRINT)
Place of publication, distribution, etc. New York
Name of publisher, distributor, etc. John Wiley & Sons
Date of publication, distribution, etc. 1964
300 ## - PHYSICAL DESCRIPTION
Extent xxi, 306 p.
Other physical details illus
Dimensions 22 cm.
490 ## - SERIES STATEMENT
Series statement Semiconductor electronics education committee books
500 ## - GENERAL NOTE
General note Volume - 3
504 ## - BIBLIOGRAPHY, ETC. NOTE
Bibliography, etc Includes bibliographies
650 #0 - SUBJECT ADDED ENTRY--TOPICAL TERM
Topical term or geographic name as entry element Circuits : Electronics : Engg.
700 ## - ADDED ENTRY--PERSONAL NAME
Personal name Boothroyd, A. R.
700 ## - ADDED ENTRY--PERSONAL NAME
Personal name Angelo, E. J.
700 ## - ADDED ENTRY--PERSONAL NAME
Personal name Gray, Paul E.
942 ## - ADDED ENTRY ELEMENTS (KOHA)
Koha item type General Book
Holdings
Not for loan Price effective from Shelving location Damaged status Lost status Withdrawn status Koha normalized classification for sorting Sublocation or collection (holding branch) Koha item type Piece designation (barcode) Location (home branch) Koha full call number Koha date last seen Copy number Date acquired Source of classification or shelving scheme
 2015-05-03Circulation section   623_815100000000000_SEA_1964Central Library, BUETGeneral Book35735Central Library, BUET623.8151/SEA/19642015-05-0312015-05-03 
 2015-05-03Circulation section   623_815100000000000_SEA_1964Central Library, BUETGeneral Book35749Central Library, BUET623.8151/SEA/19642015-05-0322015-05-03 
 2015-05-04Circulation section   623_815100000000000_SEA_1964Central Library, BUETGeneral Book16238Central Library, BUET623.8151/SEA/19642015-05-0432015-05-04 
 2015-05-04Circulation section   623_815100000000000_SEA_1964Central Library, BUETGeneral Book12507Central Library, BUET623.8151/SEA/19642015-05-0442015-05-04 
 2015-05-04Circulation section   623_815100000000000_SEA_1964Central Library, BUETGeneral Book27851Central Library, BUET623.8151/SEA/19642015-05-0452015-05-04 
 2015-05-04Circulation section   623_815100000000000_SEA_1964Central Library, BUETGeneral Book43533Central Library, BUET623.8151/SEA/19642015-05-0462015-05-04 
 2015-05-04Circulation section   623_815100000000000_SEA_1964Central Library, BUETGeneral Book45010Central Library, BUET623.8151/SEA/19642015-05-0472015-05-04 
 2015-05-04Circulation section   623_815100000000000_SEA_1964Central Library, BUETGeneral Book35742Central Library, BUET623.8151/SEA/19642015-05-0482015-05-04 
 2015-05-04Circulation section   623_815100000000000_SEA_1964Central Library, BUETGeneral Book33540Central Library, BUET623.8151/SEA/19642015-05-0492015-05-04